| 000 | 00865nam a2200253 u 4500 | ||
|---|---|---|---|
| 001 | 000049279 | ||
| 005 | 20200120222638.0 | ||
| 008 | 120604s2005 ck a gr 001 0 spa d | ||
| 020 | _a9583801100 | ||
| 041 | 0 | _a-spa | |
| 082 | 0 | 4 |
_a581.634 _bJ17 _221 |
| 100 | 1 | _aJaramillo G., Juan Francisco | |
| 245 | 1 | 0 |
_a101 hierbas medicinales / _cJuan Francisco Jaramillo G. ; ilustraciones de Carlos Mario Orozco. |
| 250 | _a1a. ed. | ||
| 260 |
_aBogotá : _bFondo de Cultura Económica, _c2005. |
||
| 300 |
_a261 p. : _bil. |
||
| 490 | 0 | _aCiencia y tecnología | |
| 500 | _aIncluye glosario | ||
| 500 | _aIncluye índice alfabético de tanstornos y efectos mencionados en la obra | ||
| 500 | _aEj.1 de Mosquera donado por la Biblioteca Nacional - PNLB 2012. | ||
| 650 | 1 | 4 | _aBotánica médica |
| 650 | 2 | 4 | _aPlantas aromáticas |
| 700 | 1 |
_aOrozco, Carlos Mario _eil. |
|
| 999 |
_c3271 _d3271 |
||